000 00477nam a2200181Ia 4500
003 GCL
008 140319s9999 xx 000 0 ara d
040 _aGCL /
_cGCL
082 0 4 _a158.2
_bس ت
100 1 _aسمير شيخانى
245 1 0 _aتعرف الى شخصيتك /
_cسمير شيخانى
260 _a[S.N] :
_bدار الجيل ،
_c1992
490 _a
650 0 4 _aعلم النفس
650 0 4 _aالشخصية
650 0 4 _aتقييم
942 _2ddc
_cBK
999 _c55772
_d55772